| 000 | 00474nam a22001577a 4500 | ||
|---|---|---|---|
| 003 | OSt | ||
| 020 | _a8187966211 | ||
| 040 | _a0 | ||
| 082 |
_a954.355 _bBHO 2004 |
||
| 100 | _aBhonsle, Rahul K | ||
| 245 |
_aIndia's national security _bthe asymmetrical challenges _cRahul K Bhonsle; |
||
| 260 |
_aNew Delhi _bKnowledge World _c2004 |
||
| 300 |
_a392 p.; _c24 cm |
||
| 650 | _aInternal security -- India. National security -- India. India -- Ethnic relations. | ||
| 942 |
_2ddc _cBK |
||
| 999 |
_c16334 _d16334 |
||